000
00299nam a22001217a 4500
008
230627b xxu||||| |||| 00| 0 eng d
082
_a
338.1
_b
FAO 1998
245
_a
The State of Food and Agriculture 1998
260
_a
Rome
_b
FAO
_c
1998
300
_a
XXI,371p
440
_x
00814539
942
_2
ddc
_c
BK
999
_c
2905
_d
2905